Dynamics of gender wage gap in Kazakhstan for 2011-2019 (Record no. 527405)

000 -LEADER
fixed length control field 01418nam a22001457a 4500
008 - FIXED-LENGTH DATA ELEMENTS--GENERAL INFORMATION
fixed length control field 240828b ||||| |||| 00| 0 eng d
100 ## - MAIN ENTRY--PERSONAL NAME
Personal name Yemelina, N., Kemelbayeva, S. and Roshchin, S.
245 ## - TITLE STATEMENT
Title Dynamics of gender wage gap in Kazakhstan for 2011-2019
260 ## - PUBLICATION, DISTRIBUTION, ETC. (IMPRINT)
Place of publication, distribution, etc The Indian Journal of Labour Economics
300 ## - PHYSICAL DESCRIPTION
Extent 67(1), Jan-Mar, 2024: p.47-71
520 ## - SUMMARY, ETC.
Summary, etc We examine the gender wage gap in Kazakhstan over the period 2011–2019. It was found to be persistent and stable during this period at around 30%; however, the decomposition suggests the increasing negative effect of growing industrial segregation which is not compensated for by a relatively better and improving human capital of females. Unsurprisingly, the highest gender gap is documented in more industrialised and economically successful provinces and the lowest gap, that is, in the poorest and predominantly agricultural ones. In the two largest cities with the most advanced economies, our findings suggest the existence of vertical segregation and discrimination. Thus, the policy aimed at narrowing down gender inequalities in Kazakhstan’s labour market should seek to equalise industrial disparities and segregation and account for regional disparities.- Reproduced

https://link.springer.com/article/10.1007/s41027-024-00483-8
773 ## - HOST ITEM ENTRY
Main entry heading The Indian Journal of Labour Economics
906 ## - LOCAL DATA ELEMENT F, LDF (RLIN)
Subject DIP LABOUR
942 ## - ADDED ENTRY ELEMENTS (KOHA)
Item type Articles
Holdings
Withdrawn status Lost status Source of classification or shelving scheme Damaged status Not for loan Permanent location Current location Date acquired Serial Enumeration / chronology Barcode Date last seen Koha item type
          Indian Institute of Public Administration Indian Institute of Public Administration 2024-08-28 67(1), Jan-Mar, 2024: p.47-71 AR132844 2024-08-28 Articles

Powered by Koha